00428 2200157 4500001002100000008004100021035002000062245004800082100001800130260003400148300002400182020002200206084001800228082001200246990001200258INLIS000000000002907 IND  a0010-0925000254 aEnsiklopedia 25 Nabi & RasulcTim Ar-Rahman aTim Ar-Rahman a-bEmir Cakrawala Islamc2017 a364c(14,5 x 21 cm) a978-602-0935-61-4 a297.246 ARH e a297.246 a0755304